Geçtiğim günlerden / (Kayıt no. 13420)

MARC ayrıntıları
000 -BAŞLIK
Sabit Uzunlukta Kontrol Alanı 00866nam a22002297a 4500
999 ## - SİSTEM KONTROL NUMARALARI (KOHA)
Koha Biblionumber 13420
Koha Biblioitemnumber 13420
003 - KONTROL NUMARASI IDENTIFIER
Denetim Alanı MIRAKIL
005 - SON İŞLEM TARİHİ VE ZAMANI
Denetim Alanı 20190718134907.0
008 - SABİT-BOY VERİ ELEMANLARI - GENEL BİLGİLER
Sabit Uzunlukta Kontrol Alanı 190718b tu ||||| |||| 00| 0 tur d
020 ## - ULUSLARARASI STANDART KİTAP NUMARASI
Uluslararası Standart Kitap Numarası 9786052957707
040 ## - KATALOGLAMA KAYNAK
Orijinal Kataloglama Ajansı TR-AnCHP
Metne Dönüştürmek Ajansı TR-AnCHP
041 ## - DİL KODU
Metin / Ses Parça Veya Ayrı Başlığın Dil Kodu tur
082 ## - DEWEY ONLU SINIFLANDIRMA NUMARASI
Sınıflandırma Numarası 923.2
Ürün Numarası Y91g 2019
100 1# - ANA GİRİŞ - KİŞİSEL İSİM
Kişisel Ad Yücel, Hasan Ali
Bir Adıyla İlişkilendirilen Tarihler 1897- 1961
245 10 - BAŞLIK TABLOSU
Başlık Geçtiğim günlerden /
Sorumluluk Tablosu, Vb Hasan Ali Yücel.
260 ## - YAYIN, DAĞITIM, VB
Yayın, Dağıtım, Vb Yeri İstanbul :
Yayıncı, Dağıtıcı, Vs Adı Türkiye İş Bankası Kültür Yayınları,
Yayın, Dağıtım, Vb Tarihi 2019.
300 ## - FİZİKSEL TANIM
Kapsam xııı, 256 s.:
Diğer Fiziksel Ayrıntıları fotg.;
Boyutlar 20 sm.
490 0# - SERİSİ TABLOSU
Seri Beyanı Türkiye İş Bankası Kültür Yayınları;
Hacim / Ardışık Tanımı Genel yayın :4448
600 14 - KONU KATMA GİRİŞ - KURUMSAL ADI
9 (RLIN) 2608
Kişisel Ad Yücel, Hasan Ali
Başlıklar Ve Bir Adla İlişkili Diğer Kelimeler Milli Eğitim Eski Bakanı
Bir Adıyla İlişkilendirilen Tarihler 1897- 1961
Genel Alt Bölümü anılar
600 14 - KONU KATMA GİRİŞ - KURUMSAL ADI
9 (RLIN) 2608
Kişisel Ad Yücel, Hasan Ali
Başlıklar Ve Bir Adla İlişkili Diğer Kelimeler Milli Eğitim Eski Bakanı
Bir Adıyla İlişkilendirilen Tarihler 1897- 1961
Genel Alt Bölümü yaşamöyküsü
650 #0 - KONU KATMA GİRİŞ - TOPİKAL DÖNEM
9 (RLIN) 5055
Topikal Süreli Veya Coğrafi Ad Giriş Elemanı Siyasetçiler
Genel Alt Bölümü yaşamöyküsü
Coğrafi Alt Bölümü Türkiye
942 ## - EKLENDİ GİRİŞ ELEMANLARI (KOHA)
Sınıflandırma Veya Raf Düzeni Kaynak Dewey Decimal Classification
Koha Öğesi Türü Kitaplar
Mevcut
Kalıcı Konum Mevcut Konum Edinme Tarihi Toplam Check-Out'Lar Tam Çağrı Numarası Barkod Tarih Son Görülme İtibaren Geçerli Fiyatlar Koha Öğesi Türü
CHP Kütüphanesi CHP Kütüphanesi 07/18/2019   923.2 Y91g 2019 019284 07/18/2019 07/18/2019 Kitaplar